[Event "Mistrzostwa Polski Juniorow do lat 16 - Dziewczeta"]
[Site "Szklarska Poreba"]
[Date "1899-12-30"]
[Round "4.8"]
[White "Wojtas, Julia"]
[Black "Mirowska, Oliwia"]
[Result "0-1"]
[WhiteTitle "I"]
[BlackTitle "k"]
[WhiteElo "1448"]
[BlackElo "1840"]

1. e4 c5 2. c4 Nc6 3. Nc3 g6 4. g3 Bg7 5. Nge2 e5 6. Bg2 Nge7 7. d3 d6 8. O-O O-O
9. Be3 a6 10. Qd2 Rb8 11. f4 exf4 12. gxf4 f5 13. a4 Be6 14. Nd5 b5 15. axb5 axb5
16. Nxe7+ Nxe7 17. cxb5 Rxb5 18. Nc3 Rb3 19. e5 Nc8 20. Na4 Nb6 21. Rfd1 Nxa4
22. Rxa4 Qb6 23. d4 Rxb2 24. Qa5 Qb3 25. Re1 Qc2 26. Qd2 Qxd2 27. Bxd2 Rxd2 28.
exd6 Bxd4+ 29. Kh1 Re8 30. Bc6 Rb8 31. Ra7 Rbb2 32. Ra8+ Kg7 33. Ra7+ Kh6 0-1

[Event "Mistrzostwa Polski Juniorow do lat 16 - Dziewczeta"]
[Site "Szklarska Poreba"]
[Date "1899-12-30"]
[Round "4.9"]
[White "Krzyzosiak, Anna"]
[Black "Krzyzosiak, Marta"]
[Result "1/2-1/2"]
[WhiteTitle "I++"]
[BlackTitle "I++"]
[WhiteElo "1629"]
[BlackElo "1608"]

1. e4 c5 2. Ne2 Nf6 3. Nbc3 d5 4. exd5 Nxd5 5. Nxd5 Qxd5 6. d4 e5 7. Nc3 Qxd4 8.
Be3 Qxd1+ 9. Rxd1 Be6 10. Nd5 Bxd5 11. Rxd5 Nd7 12. Bb5 O-O-O 13. Ke2 a6 14. Bxd7+
Rxd7 15. Rxe5 Be7 16. Re1 b6 17. c3 Bf6 18. Re4 Rhd8 19. Kf3 Rd3 20. Kg4 Kc7 21.
Bf4+ Kc6 22. R4e3 Rxe3 23. Rxe3 Rd5 24. Re8 h5+ 25. Kf3 Rd3+ 26. Ke2 Rd7 27. a4
b5 28. axb5+ axb5 29. h3 g6 30. Ra8 Kb7 31. Rb8+ Kc6 32. Rc8+ Kb6 33. Ra8 b4 34.
cxb4 cxb4 35. Rb8+ Kc5 36. Bd2 Bxb2 37. Bxb4+ Kd4 38. Bc5+ Kxc5 39. Rxb2 Ra7 1/2-1/2

[Event "Mistrzostwa Polski Juniorow do lat 16 - Dziewczeta"]
[Site "Szklarska Poreba"]
[Date "1899-12-30"]
[Round "4.10"]
[White "Bugaj, Hanna"]
[Black "Zniszczol, Wiktoria"]
[Result "1/2-1/2"]
[WhiteTitle "I+"]
[BlackTitle "I+"]
[WhiteElo "1556"]
[BlackElo "1627"]

1. d4 d6 2. c4 Nf6 3. Nc3 c6 4. Nf3 Bg4 5. e4 Nbd7 6. Be2 e5 7. Be3 Be7 8. O-O
O-O 9. a3 a5 10. Ne1 Bxe2 11. Qxe2 Re8 12. Nd3 Bf8 13. d5 Rc8 14. Rfc1 Nb6 15.
b3 a4 16. Bxb6 Qxb6 17. bxa4 cxd5 18. Nxd5 Nxd5 19. cxd5 Qb3 20. Nb2 Rxc1+ 21.
Rxc1 Qxa3 22. Qb5 Ra8 23. h3 b6 24. Kh2 Ra5 25. Qxb6 Rxa4 26. Nxa4 Qxc1 27. Qb4
Qf4+ 28. Kg1 Qc1+ 29. Kh2 Qf4+ 30. Kg1 Qc1+ 31. Kh2 1/2-1/2

[Event "Mistrzostwa Polski Juniorow do lat 16 - Dziewczeta"]
[Site "Szklarska Poreba"]
[Date "1899-12-30"]
[Round "4.11"]
[White "Pawlak, Emilia"]
[Black "Kieca, Aleksandra"]
[Result "0-1"]
[WhiteTitle "I"]
[BlackTitle "I+"]
[WhiteElo "1514"]
[BlackElo "1614"]

1. e4 c5 2. Nf3 e6 3. d3 d5 4. Nbd2 Nc6 5. g3 Bd6 6. Bg2 Nge7 7. O-O O-O 8. Re1
Qc7 9. Nf1 Bd7 10. Ne3 f6 11. h4 Rab8 12. h5 b5 13. Nh4 d4 14. Ng4 e5 15. Qf3
Nb4 16. h6 g6 17. Nxf6+ Kh8 18. Re2 Ng8 19. Nxd7 Rxf3 20. Nxf3 Qxd7 21. Ng5 Nxh6
22. Bh3 Qe7 23. f4 Nf7 24. Ne6 exf4 25. Bxf4 Bxf4 26. gxf4 Rb6 27. f5 gxf5 28.
exf5 Ng5 29. Kg2 Qb7+ 30. Kh2 Nxh3 31. Kg3 Qf7 32. Rf1 Nd5 33. Kxh3 Qh5+ 0-1

[Event "Mistrzostwa Polski Juniorow do lat 16 - Dziewczeta"]
[Site "Szklarska Poreba"]
[Date "1899-12-30"]
[Round "4.12"]
[White "Kudlak, Julia"]
[Black "Czernikowska, Laura"]
[Result "0-1"]
[WhiteTitle "I"]
[BlackTitle "WCM"]
[WhiteElo "1612"]
[BlackElo "1427"]

1. c4 f5 2. Nc3 Nf6 3. g3 g6 4. Bg2 Bg7 5. d3 d6 6. e4 c6 7. Nge2 e5 8. O-O O-O
9. f4 Na6 10. Rb1 Nc7 11. d4 exf4 12. Nxf4 fxe4 13. Nxe4 Bf5 14. Re1 Re8 15. Nxf6+
Qxf6 16. Be3 Bxb1 17. Qxb1 Bh6 18. d5 cxd5 19. Nxd5 Bxe3+ 20. Rxe3 Nxd5 21. Bxd5+
Kg7 22. Rf3 Qd4+ 23. Kh1 Rf8 24. Rd3 Qe5 25. Qc1 Rae8 26. Rd1 Rf2 27. Kg1 Qxb2
28. Qg5 Rf5 29. Qc1 Qf2+ 30. Kh1 Re2 31. Qc3+ Rfe5 0-1

[Event "Mistrzostwa Polski Juniorow do lat 16 - Dziewczeta"]
[Site "Szklarska Poreba"]
[Date "1899-12-30"]
[Round "4.13"]
[White "Trzaskowska, Hanna"]
[Black "Lochina, Justyna"]
[Result "0-1"]
[WhiteTitle "I"]
[BlackTitle "I"]
[WhiteElo "1604"]
[BlackElo "1467"]

1. e4 c5 2. Nf3 e6 3. d4 cxd4 4. Nxd4 Nf6 5. Nc3 d6 6. Be2 a6 7. a4 Qc7 8. f4 Nc6
9. Be3 Be7 10. O-O Nxd4 11. Qxd4 e5 12. Qc4 Qxc4 13. Bxc4 Bd7 14. fxe5 dxe5 15.
Nd5 Rc8 16. Nb6 Rc7 17. b3 O-O 18. Nd5 Nxd5 19. exd5 Bc5 20. Rae1 b5 21. axb5
axb5 22. Bd3 Re8 23. Bxc5 Rxc5 24. c4 bxc4 25. Bxc4 Bb5 26. Re4 Bxc4 27. bxc4
f6 28. g4 Rec8 29. d6 Rd8 30. Rd1 Kf7 31. Kf2 Ke6 32. Ke3 Rxd6 33. Rxd6+ Kxd6
34. Kd3 Ra5 35. Kc3 Kc5 36. Kb3 Ra7 37. g5 Rd7 38. gxf6 gxf6 39. Rh4 Rf7 40. Re4
Re7 41. Rh4 e4 42. Rh5+ Re5 43. Rxe5+ fxe5 44. Kc3 e3 45. Kd3 e2 46. Kxe2 Kxc4
47. Ke3 Kd5 48. Kd3 e4+ 49. Kd2 Kd4 50. Ke2 Ke5 51. Ke3 Kf5 52. Kf2 Kf4 53. Ke2
h5 54. Kf2 e3+ 55. Ke2 Ke4 56. Ke1 Kf3 57. Kf1 h4 58. h3 Kg3 59. Ke2 Kxh3 60.
Kxe3 Kg2 0-1

[Event "Mistrzostwa Polski Juniorow do lat 16 - Dziewczeta"]
[Site "Szklarska Poreba"]
[Date "1899-12-30"]
[Round "4.14"]
[White "Nowak, Roksana"]
[Black "Jedrzejko, Martyna"]
[Result "1-0"]
[WhiteTitle "I"]
[BlackTitle "I"]
[WhiteElo "1412"]
[BlackElo "1597"]

1. e4 c5 2. Nf3 Nc6 3. d4 cxd4 4. Nxd4 Nf6 5. Nc3 e5 6. Ndb5 d6 7. Nd5 Nxd5 8.
exd5 Nb8 9. a4 Be7 10. Be2 a6 11. Nc3 Nd7 12. a5 O-O 13. O-O f5 14. b4 b6 15.
Bd2 Bf6 16. Ra3 g5 17. f3 Qc7 18. Na2 Bb7 19. c4 bxa5 20. Rxa5 h6 21. Qc2 Bd8
22. Bd3 f4 23. Ra3 Nf6 24. Kh1 Rc8 25. Nc3 Qg7 26. Ne4 Nxe4 27. Bxe4 Bb6 28. Rc1
Bd4 29. Be1 Be3 30. Bd2 Bd4 31. Bf5 Rc7 32. Be6+ Kh8 33. Qb3 Re8 34. Ra2 Qe7 35.
Qc2 Qg7 36. Qa4 Qe7 37. Qa5 Ra8 38. Rac2 Bc8 39. Bxc8 Rcxc8 40. c5 dxc5 41. bxc5
Rab8 42. d6 Qd7 43. Qa3 Rc6 44. Bc3 Bxc3 45. Qxc3 Qe6 46. h3 Rbc8 47. Qd3 Rd8
48. Rb1 Rd7 49. Rb8+ Kg7 50. Qe4 1-0

[Event "Mistrzostwa Polski Juniorow do lat 16 - Dziewczeta"]
[Site "Szklarska Poreba"]
[Date "1899-12-30"]
[Round "4.15"]
[White "Rozumek, Paulina"]
[Black "Lukasik, Zuzanna"]
[Result "0-1"]
[WhiteTitle "II+"]
[BlackTitle "I++"]
[WhiteElo "1091"]
[BlackElo "1563"]

1. Nf3 d5 2. b3 Nf6 3. Bb2 Bg4 4. e3 e6 5. Be2 Nbd7 6. O-O Bd6 7. c4 c6 8. Nc3
Qc7 9. g3 a6 10. d4 b6 11. cxd5 exd5 12. Re1 O-O 13. Bd3 Rfe8 14. e4 dxe4 15.
Nxe4 Nxe4 16. Rxe4 Rxe4 17. Bxe4 Nf6 18. Qd3 Nxe4 19. Qxe4 Qd7 20. Ne5 Bxe5 21.
Qxe5 Re8 22. Qf4 h5 23. h4 Re2 24. Bc3 Qd5 25. Re1 Bh3 26. f3 Qb5 27. Qc1 Qd3
28. d5 Qxf3 29. Rxe2 Qxg3+ 30. Kh1 Qf3+ 31. Kg1 Qxe2 32. Qd2 Qxd2 33. Bxd2 cxd5
34. Kf2 Kf8 35. Ke3 Ke7 36. Kf4 f6 37. Bb4+ Ke6 38. a4 b5 39. a5 Bf5 40. Be1 Bc2
41. b4 d4 42. Bd2 Kd5 43. Kf3 Ke5 44. Bf4+ Kf5 45. Kg3 g5 46. hxg5 h4+ 0-1

[Event "Mistrzostwa Polski Juniorow do lat 16 - Dziewczeta"]
[Site "Szklarska Poreba"]
[Date "1899-12-30"]
[Round "4.16"]
[White "Pieczewska, Gabriela"]
[Black "Mytnik, Kinga"]
[Result "0-1"]
[WhiteTitle "I"]
[BlackTitle "I"]
[WhiteElo "1172"]
[BlackElo "1638"]

1. c4 d6 2. Nc3 e5 3. g3 f5 4. e3 Nf6 5. d3 Be7 6. Bg2 c6 7. Nge2 O-O 8. O-O Qe8
9. b4 a6 10. a4 Qh5 11. a5 Be6 12. Bb2 Nbd7 13. Qc2 Kh8 14. Rad1 Ng8 15. Na4 f4
16. exf4 Rf6 17. fxe5 dxe5 18. Bc3 Bg4 19. Rd2 Rh6 20. f3 Rf8 21. Kf2 Bxf3 22.
Ke1 Bxg2 23. Rxf8 Bxf8 24. Kd1 Bf3 25. Kc1 Qxh2 26. Kb2 Bxe2 27. Rxe2 Qxg3 28.
Rg2 Qf3 29. Nb6 Ngf6 30. Rf2 Qh5 31. Nxd7 Nxd7 32. d4 Bd6 33. dxe5 Bxe5 34. Qd2
Rd6 35. Qe3 Re6 36. Kb3 Qe8 37. Bxe5 Rxe5 38. Qd4 Nf6 39. Qh4 Re3+ 40. Ka4 c5+
41. b5 axb5+ 42. cxb5 Re4+ 0-1

[Event "Mistrzostwa Polski Juniorow do lat 16 - Dziewczeta"]
[Site "Szklarska Poreba"]
[Date "1899-12-30"]
[Round "4.17"]
[White "Slusarczyk, Milena"]
[Black "Buchta, Alicja"]
[Result "1-0"]
[WhiteTitle "I+"]
[BlackTitle "II"]
[WhiteElo "1537"]
[BlackElo "1162"]

1. d4 d5 2. c4 e6 3. Nc3 Nf6 4. e3 Be7 5. Bd3 dxc4 6. Bxc4 a6 7. a4 c5 8. Nf3 Nc6
9. O-O O-O 10. h3 b6 11. Qd3 Nb4 12. Qe2 Bb7 13. Rd1 Qc8 14. Bb3 Qc6 15. Bd2 Rad8
16. Qf1 Nd7 17. e4 Kh8 18. d5 exd5 19. Nxd5 Nxd5 20. Bxd5 Qc7 21. Bc3 Bf6 22.
Bxb7 Qxb7 23. e5 Be7 24. Rd2 Nb8 25. Rad1 Rxd2 26. Rxd2 h6 27. Qd1 Qc8 28. b3
Rd8 29. Rxd8+ Qxd8 30. Qd2 Qxd2 31. Nxd2 Kg8 32. f4 g6 33. Kf2 Nc6 34. Ke3 Kf8
35. Nc4 Bd8 36. Ke4 Ke7 37. g4 Bc7 38. f5 a5 39. Kd5 Nd8 40. Bd2 g5 41. Be1 Kd7
42. h4 Ke7 43. hxg5 hxg5 44. Bd2 f6 45. e6 Kf8 46. Bc3 Ke7 47. Bb2 Be5 48. Nxe5
fxe5 49. Bxe5 c4 50. bxc4 1-0

[Event "Mistrzostwa Polski Juniorow do lat 16 - Dziewczeta"]
[Site "Szklarska Poreba"]
[Date "1899-12-30"]
[Round "4.18"]
[White "Kaznowska, Weronika"]
[Black "Czerwinska, Oliwia"]
[Result "1-0"]
[WhiteTitle "I+"]
[BlackTitle "I"]
[WhiteElo "1502"]
[BlackElo "1355"]

1. d4 d5 2. c4 e6 3. Nc3 Nf6 4. Nf3 c6 5. Bf4 dxc4 6. a4 Bb4 7. Bd2 Bxc3 8. Bxc3
Ne4 9. Qc2 Nxc3 10. Qxc3 b5 11. e3 Qd5 12. b3 cxb3 13. axb5 Bb7 14. bxc6 Bxc6
15. Ra5 Qd8 16. Bb5 Bxb5 17. Rxb5 O-O 18. O-O Nd7 19. Ra1 Nb6 20. Qxb3 Re8 21.
Ne5 Nc8 22. Rb7 Rf8 23. Rd7 Qg5 24. Rxf7 Re8 25. Rc7 Qf6 26. Qc2 Qf8 27. Nd7 Qd6
28. Nf6+ Kf8 29. Nxe8 Kxe8 30. Rxc8+ Rxc8 31. Qxc8+ Kf7 32. Rxa7+ Kg6 33. Qe8+
Kf5 34. Qh5+ Ke4 35. Qxh7+ 1-0

[Event "Mistrzostwa Polski Juniorow do lat 16 - Dziewczeta"]
[Site "Szklarska Poreba"]
[Date "1899-12-30"]
[Round "4.19"]
[White "Bienko, Jagoda"]
[Black "Franek, Diana"]
[Result "1-0"]
[WhiteTitle "I"]
[BlackTitle "I"]
[WhiteElo "1356"]
[BlackElo "1362"]

1. e4 b6 2. d4 Bb7 3. Bd3 e6 4. Ne2 c5 5. c3 Nf6 6. Qc2 h6 7. O-O d5 8. Bb5+ Nfd7
9. e5 a6 10. Bxd7+ Nxd7 11. Be3 Be7 12. f4 Rc8 13. f5 exf5 14. Qxf5 O-O 15. Rf3
Rc6 16. Rg3 Re8 17. Qh5 g5 18. Nd2 Nf8 19. Rf1 Ng6 20. Rgf3 Rf8 21. Rh3 Bc8 22.
g4 Nh8 23. Ng3 Re8 24. Nf5 Bxf5 25. gxf5 Bf8 26. f6 cxd4 27. cxd4 Qc8 28. Bxg5
Qxh3 29. Qxh3 hxg5 30. Qf5 Bh6 31. Nf3 Ng6 32. Nxg5 Bxg5 33. Qxg5 Kh7 34. Qh5+
Kg8 35. Qh6 1-0

[Event "Mistrzostwa Polski Juniorow do lat 16 - Dziewczeta"]
[Site "Szklarska Poreba"]
[Date "1899-12-30"]
[Round "4.20"]
[White "Libura, Julianna"]
[Black "Bartoszek, Julia"]
[Result "1-0"]
[WhiteTitle "I+"]
[BlackTitle "II+"]
[WhiteElo "1558"]
[BlackElo "1267"]

1. e4 c5 2. Nf3 d6 3. d4 cxd4 4. Nxd4 Nf6 5. Nc3 a6 6. Bg5 e6 7. f4 Be7 8. Qf3
e5 9. Nf5 Bxf5 10. exf5 Nc6 11. O-O-O Qc8 12. Bxf6 Bxf6 13. Rxd6 exf4 14. Nd5
Be5 15. Nb6 Qc7 16. Rxc6 bxc6 17. Nxa8 Qb7 18. Qe4 Qxb2+ 19. Kd1 O-O 20. Nb6 Rd8+
21. Ke2 Bc3 22. Nc4 Qc1 23. g3 Qd1+ 24. Kf2 Bd4+ 25. Kg2 f3+ 26. Qxf3 Qxc2+ 27.
Qe2 Qxf5 28. h3 Qd5+ 29. Kh2 Qc5 30. Bg2 h6 31. Nd2 Qa3 32. Nb3 c5 33. Qe7 Bf6
34. Qe2 c4 35. Qxc4 Qxa2 36. Re1 Rb8 37. Re3 a5 38. Qf4 Rxb3 39. Re8+ Kh7 40.
Qf5+ g6 41. Qxf6 Qb2 42. Rh8# 1-0

[Event "Mistrzostwa Polski Juniorow do lat 16 - Dziewczeta"]
[Site "Szklarska Poreba"]
[Date "1899-12-30"]
[Round "4.21"]
[White "Matyjasek, Michalina"]
[Black "Retz, Agnieszka"]
[Result "1-0"]
[WhiteTitle "I"]
[BlackTitle "II+"]
[WhiteElo "1393"]
[BlackElo "1240"]

1. d4 d5 2. c4 e6 3. Nc3 Nf6 4. cxd5 exd5 5. Bg5 Be7 6. e3 b6 7. Bd3 Bb7 8. Nf3
Nbd7 9. O-O O-O 10. Rb1 h6 11. Bh4 Rc8 12. b4 Ba8 13. Qa4 c5 14. Ba6 Rc6 15. bxc5
bxc5 16. Bb7 Rb6 17. Bxf6 Bxf6 18. Bxa8 Qxa8 19. Qxd7 Rd8 20. Qa4 Rb7 21. Ne2
Rxb1 22. Rxb1 Rb8 23. Rc1 Rb4 24. Qa5 1-0

[Event "Mistrzostwa Polski Juniorow do lat 16 - Dziewczeta"]
[Site "Szklarska Poreba"]
[Date "1899-12-30"]
[Round "4.22"]
[White "Cieslak, Jessica"]
[Black "Pacho, Maria"]
[Result "1/2-1/2"]
[WhiteTitle "I"]
[BlackTitle "II"]
[WhiteElo "1330"]
[BlackElo "1229"]

1. d4 Nf6 2. c4 g6 3. Nc3 Bg7 4. e4 d6 5. Be2 O-O 6. Bg5 Nbd7 7. Qd2 c6 8. f3 a6
9. a4 Rb8 10. Nh3 Ne8 11. Nf2 Nc7 12. a5 Ne6 13. Be3 c5 14. d5 Nd4 15. Bd1 Ne5
16. b3 b6 17. Bxd4 cxd4 18. Ne2 d3 19. Nc3 bxa5 20. Nxd3 Nxd3+ 21. Qxd3 Qb6 22.
Ra2 Qb4 23. Kd2 f5 24. exf5 Bxf5 25. Qe3 Bd7 26. Bc2 Be5 27. g3 a4 28. Rb1 Bxc3+
29. Qxc3 Qxc3+ 30. Kxc3 axb3 31. Rxb3 Rxf3+ 32. Kb2 Rfxb3+ 33. Bxb3 Rb6 34. Kc3
Kg7 35. Rf2 h6 36. Ra2 1/2-1/2

[Event "Mistrzostwa Polski Juniorow do lat 16 - Dziewczeta"]
[Site "Szklarska Poreba"]
[Date "1899-12-30"]
[Round "5.1"]
[White "Sloniewska, Alicja"]
[Black "Goraj, Barbara"]
[Result "1/2-1/2"]
[WhiteTitle "I++"]
[BlackTitle "WCM"]
[WhiteElo "1723"]
[BlackElo "2115"]

1. d4 Nf6 2. c4 g6 3. Nc3 Bg7 4. e4 d6 5. Be2 O-O 6. Nf3 Nbd7 7. O-O e5 8. d5 Nc5
9. Qc2 a5 10. Bg5 h6 11. Be3 b6 12. Nd2 Ng4 13. Bxg4 Bxg4 14. a3 a4 15. Bxc5 bxc5
16. Nxa4 Bd7 17. Nc3 f5 18. b4 cxb4 19. axb4 Rb8 20. Rfb1 f4 21. c5 g5 22. c6
Bc8 23. Ra7 g4 24. f3 Rf7 25. b5 gxf3 26. Nxf3 Bg4 27. Qf2 Bf6 28. Rba1 Rg7 29.
Kf1 Qc8 30. R1a2 Kh7 31. Ke2 Qg8 32. Kd3 Qc8 33. Rb2 Qd8 34. Ra6 Bc8 35. Ra7 Bg4
36. Rba2 Qc8 37. R2a6 Qg8 38. b6 Rxb6 39. Rxb6 cxb6 40. Qxb6 Rxa7 41. Qxa7+ Kg6
42. Nb5 Qf8 43. Qb7 Bc8 44. Qb8 Be7 45. c7 Qe8 46. Na7 Ba6+ 47. Kd2 Qa4 48. Qg8+
Kf6 49. Qe6+ Kg7 50. Qxe7+ Kg8 51. Qe6+ Kg7 52. Qg4+ Kh7 53. c8=Q Bxc8 54. Qxc8
Qxa7 55. Qc3 Qf2+ 56. Kd1 Qxg2 57. Qc7+ Kg8 58. Qc8+ Kg7 59. Qd7+ Kh8 60. Qe8+
Kh7 61. Qd7+ Kh8 1/2-1/2

[Event "Mistrzostwa Polski Juniorow do lat 16 - Dziewczeta"]
[Site "Szklarska Poreba"]
[Date "1899-12-30"]
[Round "5.2"]
[White "Hertlein, Irena"]
[Black "Kroliczek, Gabriela"]
[Result "1/2-1/2"]
[WhiteTitle "k"]
[BlackTitle "k"]
[WhiteElo "1910"]
[BlackElo "1994"]

1. d4 e6 2. Bf4 Nf6 3. e3 c5 4. c3 Qb6 5. Qb3 d5 6. Nd2 Nbd7 7. Ngf3 c4 8. Qc2
Nh5 9. Bg3 Nxg3 10. hxg3 h6 11. e4 Qa6 12. exd5 exd5 13. O-O-O Nf6 14. Re1+ Be7
15. Nh4 Be6 16. Nf5 Bf8 17. g4 Rg8 18. f4 O-O-O 19. g5 hxg5 20. fxg5 Nd7 21. Kb1
g6 22. Ne3 b5 23. Be2 Be7 24. Bg4 Bxg5 25. Bxe6 fxe6 26. Nf3 Bf4 27. Ng4 Bg3 28.
Re3 Rh8 29. Rf1 Bf4 30. Re2 g5 31. Qg6 Rde8 32. Rfe1 Rhg8 33. Qh6 Rh8 34. Qg6
Rhg8 35. Qh6 Rh8 36. Qg6 1/2-1/2

[Event "Mistrzostwa Polski Juniorow do lat 16 - Dziewczeta"]
[Site "Szklarska Poreba"]
[Date "1899-12-30"]
[Round "5.3"]
[White "Dylag, Emilia"]
[Black "Adamczyk, Zuzanna"]
[Result "1-0"]
[WhiteTitle "k+"]
[BlackTitle "k"]
[WhiteElo "2083"]
[BlackElo "1979"]

1. d4 f5 2. c4 e6 3. Nc3 Nf6 4. Qc2 d6 5. e3 Be7 6. Bd3 O-O 7. Nge2 Nc6 8. a3 a5
9. O-O Qe8 10. Rb1 g5 11. b4 axb4 12. axb4 Qh5 13. f3 Bd8 14. b5 Ne7 15. e4 f4
16. Bb2 Nd7 17. c5 Rf6 18. Nd1 Rh6 19. h3 e5 20. Nf2 exd4 21. cxd6 Rxd6 22. Ng4
Ng6 23. Qb3+ Kg7 24. Nxd4 Nc5 25. Ne6+ Kg8 26. Nxc5+ Kf8 27. Qc3 Bxg4 28. Qg7+
Ke8 29. fxg4 Qh4 30. Bc4 1-0

[Event "Mistrzostwa Polski Juniorow do lat 16 - Dziewczeta"]
[Site "Szklarska Poreba"]
[Date "1899-12-30"]
[Round "5.4"]
[White "Czarnecka, Lidia"]
[Black "Wikar, Martyna"]
[Result "1/2-1/2"]
[WhiteTitle "I++"]
[BlackTitle "k+"]
[WhiteElo "1874"]
[BlackElo "2061"]

1. e4 c5 2. Nf3 Nc6 3. d4 cxd4 4. Nxd4 e5 5. Nb5 d6 6. N1c3 a6 7. Na3 b5 8. Nd5
Nf6 9. Bg5 Be7 10. Bxf6 Bxf6 11. c4 b4 12. Nc2 a5 13. g3 O-O 14. Bg2 Rb8 15. b3
Bg5 16. O-O Be6 17. Qd3 g6 18. Nde3 Qb6 19. f4 exf4 20. gxf4 Bf6 21. Rad1 Bg4
22. Rd2 Bh5 23. Kh1 Bg7 24. Nd5 Qd8 25. Qh3 Kh8 26. Nce3 a4 27. Nf5 gxf5 28. Qxh5
Ne7 29. exf5 Nxd5 30. Bxd5 axb3 31. axb3 Qf6 32. Rg2 Rbe8 33. Rfg1 Bh6 34. Rg4
Rg8 35. Qxf7 Qxf7 36. Bxf7 Rxg4 37. Rxg4 Rf8 38. Be6 Bg7 39. Rg1 Ra8 40. Rd1 Ra1
41. Rxa1 Bxa1 42. Kg2 Kg7 43. Kf3 Kf6 44. Ke4 Bb2 45. Bd7 Bc1 46. Be8 Bd2 47.
h4 h6 48. Bg6 Bc1 49. h5 Bd2 1/2-1/2

[Event "Mistrzostwa Polski Juniorow do lat 16 - Dziewczeta"]
[Site "Szklarska Poreba"]
[Date "1899-12-30"]
[Round "5.5"]
[White "Mirowska, Oliwia"]
[Black "Marcinczyk, Monika"]
[Result "1-0"]
[WhiteTitle "k"]
[BlackTitle "WCM"]
[WhiteElo "1840"]
[BlackElo "2009"]

1. e4 c5 2. Nf3 e6 3. d4 cxd4 4. Nxd4 Nf6 5. Nc3 d6 6. g4 Nc6 7. Rg1 Be7 8. h4
Nd7 9. g5 Nxd4 10. Qxd4 Ne5 11. Be2 O-O 12. Be3 a6 13. h5 f5 14. exf5 Rxf5 15.
f4 Nc6 16. Qd2 d5 17. O-O-O Qf8 18. Rgf1 Bc5 19. Bxc5 Qxc5 20. Bd3 Rf8 21. Rh1
Qb4 22. Rdf1 d4 23. Ne4 Qxd2+ 24. Kxd2 Nb4 25. h6 Nd5 26. hxg7 Kxg7 27. Nd6 Rh8
28. Rh4 Ne7 29. Rfh1 Nf5 30. Bxf5 exf5 31. Rh6 Bd7 32. Re1 Rhe8 33. Nxe8+ Rxe8
34. Rxe8 Bxe8 35. Kd3 Bc6 36. Kxd4 Be4 37. c4 Bb1 38. a3 Be4 39. b4 Bc2 40. b5
1-0

[Event "Mistrzostwa Polski Juniorow do lat 16 - Dziewczeta"]
[Site "Szklarska Poreba"]
[Date "1899-12-30"]
[Round "5.6"]
[White "Siekanska, Zuzanna"]
[Black "Lukasik, Zuzanna"]
[Result "0-1"]
[WhiteTitle "I++"]
[BlackTitle "I++"]
[WhiteElo "1696"]
[BlackElo "1563"]

1. d4 d5 2. c4 e6 3. Nc3 Nf6 4. cxd5 exd5 5. Bg5 c6 6. e3 Bd6 7. Bd3 O-O 8. Qc2
h6 9. Bh4 Nbd7 10. Nf3 Be7 11. Bg3 Nb6 12. h3 Bd6 13. Ne5 Qe7 14. O-O-O Bd7 15.
f4 c5 16. Bh4 Rac8 17. Rde1 cxd4 18. exd4 Qd8 19. g4 Ba4 20. Qd2 Bb4 21. Bxf6
gxf6 22. g5 fxe5 23. gxh6 Kh8 24. fxe5 Qe7 25. Rhg1 Bxc3 26. bxc3 Nc4 27. Qf2
Rc6 28. Bc2 Qa3+ 29. Kd1 Nb2+ 30. Ke2 Bxc2 31. Qg3 Bg6 0-1

[Event "Mistrzostwa Polski Juniorow do lat 16 - Dziewczeta"]
[Site "Szklarska Poreba"]
[Date "1899-12-30"]
[Round "5.7"]
[White "Lochina, Justyna"]
[Black "Wawrzyniak, Weronika"]
[Result "0-1"]
[WhiteTitle "I"]
[BlackTitle "I+"]
[WhiteElo "1467"]
[BlackElo "1648"]

1. e4 c5 2. Nf3 d6 3. d4 cxd4 4. Nxd4 Nf6 5. Nc3 a6 6. Be2 e5 7. Nb3 Be6 8. O-O
Be7 9. Be3 Nbd7 10. f4 exf4 11. Bxf4 Ne5 12. Qd4 Qc7 13. Rad1 O-O 14. Bd3 Rac8
15. Rd2 b5 16. Nd5 Bxd5 17. exd5 Nxd3 18. Qxd3 Qc4 19. Qf3 Rfe8 20. c3 Bf8 21.
Rd4 Qe2 22. Nd2 Rc5 23. Bg5 Qxf3 24. Rxf3 Nxd5 25. Ne4 Rc4 26. Rxc4 bxc4 27. Nd2
f6 28. Bh4 Rc8 29. Rf5 Ne3 30. Ra5 Rc6 31. Ra4 d5 32. Nb1 Kf7 33. Bf2 Nd1 34.
Ra5 Ke6 35. b3 cxb3 36. axb3 Nxc3 37. Nxc3 Rxc3 38. Rxa6+ Kf5 39. Bd4 Rxb3 40.
Ra8 Rd3 41. Rxf8 Rxd4 42. Rd8 Rd2 43. Rd7 Kg6 44. g4 h6 45. h3 Kh7 46. Ra7 d4
47. Ra3 g5 48. Kf1 d3 49. Ke1 Re2+ 50. Kf1 Re3 51. Kg2 Kg6 52. Ra6 Kf7 53. Rb6
Re6 54. Rb7+ Re7 55. Rb6 Rd7 56. Rb1 d2 57. Rd1 Rd3 58. Kf1 Kg6 59. Kg2 h5 60.
gxh5+ Kxh5 61. Kh2 Kh4 62. Kg2 f5 63. Kh2 Rxh3+ 64. Kg2 Rd3 65. Rh1+ Kg4 66. Rd1
f4 0-1

[Event "Mistrzostwa Polski Juniorow do lat 16 - Dziewczeta"]
[Site "Szklarska Poreba"]
[Date "1899-12-30"]
[Round "5.8"]
[White "Kieca, Aleksandra"]
[Black "Czernikowska, Laura"]
[Result "1-0"]
[WhiteTitle "I+"]
[BlackTitle "WCM"]
[WhiteElo "1614"]
[BlackElo "1427"]

1. e4 g6 2. Nf3 Bg7 3. d4 d6 4. c3 a6 5. Bc4 e6 6. O-O b5 7. Bb3 Bb7 8. Qe2 Nd7
9. a4 c6 10. Bf4 Nb6 11. a5 Nc8 12. e5 dxe5 13. Nxe5 Qe7 14. Nd2 Nf6 15. Bg5 Nd6
16. Nd3 O-O 17. Nc5 Bc8 18. Qf3 Bb7 19. Nde4 Ndxe4 20. Nxe4 c5 21. Nxf6+ Bxf6
22. Qxf6 Qxf6 23. Bxf6 c4 24. Bc2 Bd5 25. Rfe1 Rac8 26. Be4 Bc6 27. Bxc6 Rxc6
28. Re5 Rfc8 29. Be7 R8c7 30. Rc5 Rxc5 31. Bxc5 f6 32. Re1 Kf7 33. f4 h6 34. Kf2
Rd7 35. Kf3 Rd5 36. g4 Rd7 37. f5 exf5 38. gxf5 gxf5 39. Kf4 Rc7 40. Re3 Rd7 41.
Bb4 Kg6 42. Rg3+ Kf7 43. Kxf5 Rd5+ 44. Kf4 Rh5 45. Rg2 Rh4+ 46. Kf5 Rh5+ 47. Ke4
Ke6 48. Rf2 Rh4+ 49. Kf3 Rh3+ 50. Kg4 Re3 51. Kf4 Re1 52. Kf3 Kd5 53. Bf8 h5 54.
Kg3 Ke6 55. Bb4 Kf7 56. d5 Rd1 57. d6 Rd5 58. Re2 Kg6 59. Re4 Kf7 60. Rd4 Rg5+
61. Kf4 Ke8 62. d7+ Kd8 63. Be7+ 1-0

[Event "Mistrzostwa Polski Juniorow do lat 16 - Dziewczeta"]
[Site "Szklarska Poreba"]
[Date "1899-12-30"]
[Round "5.9"]
[White "Krzyzosiak, Marta"]
[Black "Nowak, Roksana"]
[Result "0-1"]
[WhiteTitle "I++"]
[BlackTitle "I"]
[WhiteElo "1608"]
[BlackElo "1412"]

1. e4 e5 2. Nf3 Nc6 3. Bc4 Bc5 4. c3 Nf6 5. d3 d6 6. O-O a6 7. a4 Ba7 8. Re1 h6
9. Nbd2 g5 10. Nf1 g4 11. N3d2 h5 12. Ne3 h4 13. Ndf1 Rg8 14. g3 Nh7 15. Ng2 Qf6
16. Qe2 h3 17. Nh4 Be6 18. Ne3 Bxe3 19. Bxe3 Bxc4 20. dxc4 Na5 21. b4 Nc6 22.
Red1 Qe6 23. Rd2 Nf6 24. Qd3 Nd7 25. Rad1 Rd8 26. b5 Na5 27. c5 dxc5 28. Bxc5
Nb3 29. Bb4 Nxd2 30. Rxd2 axb5 31. axb5 Ra8 32. Rd1 b6 33. Nf5 Nc5 34. Bxc5 bxc5
35. Qe3 Rd8 36. Ra1 Qb3 37. Qe2 Qxc3 38. Rf1 Rd2 39. Qe1 Qd3 40. b6 cxb6 41. Qe3
Qxe3 42. Nxe3 Rd4 43. Nd5 Rg6 44. Re1 Kd7 45. Kf1 b5 46. Rc1 Rxe4 47. Rxc5 Rc6
48. Rxc6 Kxc6 49. Ne3 Kc5 50. Ke2 Kb4 51. Kd3 Rd4+ 52. Kc2 Ka3 53. Kc1 Ka2 54.
Kc2 b4 55. Kc1 b3 56. Nd1 Rxd1+ 57. Kxd1 b2 0-1

[Event "Mistrzostwa Polski Juniorow do lat 16 - Dziewczeta"]
[Site "Szklarska Poreba"]
[Date "1899-12-30"]
[Round "5.10"]
[White "Zarebska, Lena"]
[Black "Bugaj, Hanna"]
[Result "1-0"]
[WhiteTitle "I++"]
[BlackTitle "I+"]
[WhiteElo "1845"]
[BlackElo "1556"]

1. e4 c5 2. Nf3 e6 3. d4 cxd4 4. Nxd4 Nf6 5. Nc3 Nc6 6. Ndb5 Bb4 7. a3 Bxc3+ 8.
Nxc3 d5 9. exd5 exd5 10. Bd3 O-O 11. O-O d4 12. Ne2 Bg4 13. f3 Bh5 14. Nf4 Bg6
15. Nxg6 hxg6 16. f4 Qb6 17. Qf3 Rfe8 18. Qh3 Ne7 19. Bd2 Ned5 20. f5 Ne4 21.
fxg6 Qxg6 22. Rae1 Re7 23. Rf5 Ndf6 24. Bxe4 Rxe4 25. Rxe4 Nxe4 26. Rh5 Kf8 27.
Rh8+ Ke7 28. Bb4+ Nd6 29. Rxa8 Qxc2 30. Qh4+ 1-0